Villes - Statistiques

Statistiques générales
  • Ce quiz a été pris 19 fois
  • Le résultat moyen est 6 sur 10
Statistiques - réponses
Réponses % Correct
5 Lyon
100%
3 Marseille
94%
6 Bordeaux
81%
7 Nantes
81%
4 Nice
81%
8 Lille
75%
10 Grenoble
50%
9 Toulon
44%
2 Avignon
19%
1 Neuilly sur Seine
13%
Aucun quiz correspondant
Distribution des résultats
% des personnes avec chaque résultat
Percentile par nombre de réponses
Votre historique - résultats
Vous n’avez pas pris ce quiz